Closest capitals to each other - Statistics

General Stats
  • This quiz has been taken 157 times
  • The average score is 43 of 98
Answer Stats
Distance(km) Capital Capital % Correct
4 Rome Vatican city
93%
Vatican city
93%
Vienna
87%
54 Bratislava Vienna
86%
Kinshasa
83%
20 Brazzaville Kinshasa
79%
Brussels
79%
173 Amsterdam Brussels
78%
87 Helsinki Tallinn
73%
Jerusalem
72%
Tallinn
71%
158 Bern Vaduz
70%
Vaduz
69%
Seoul
68%
77 Pristina Skopje
66%
195 Pyongyang Seoul
66%
Zagreb
66%
Skopje
64%
70 Amman Jerusalem
63%
205 Buenos Aires Montevideo
63%
83 Beirut Damascus
62%
147 Ljubljana Zagreb
62%
Montevideo
62%
131 Podgorica Tirana
62%
Tirana
62%
Damascus
59%
Singapore
58%
313 Kuala Lumpur Singapore
57%
171 Minsk Vilnius
55%
Vilnius
55%
141 Doha Manama
51%
Dakar
50%
Manama
50%
250 Port-au-Prince Santo Domingo
50%
Santo Domingo
50%
Maputo
49%
174 Guatemala City San Salvador
48%
Kingstown
48%
165 Banjul Dakar
46%
172 Tbilisi Yerevan
46%
154 Mbabane Maputo
45%
San Salvador
45%
477 Hanoi Vientiana
44%
491 Madrid Andorra la Vella
44%
Pretoria
44%
Yerevan
44%
159 Lomé Porto-Novo
43%
552 Havana Nassau
42%
Vientiane
42%
Porto-Novo
40%
Andorra la Vella
39%
Washington
39%
732 Ottawa Washington
38%
Tashkent
38%
Freetown
37%
Kigali
37%
Quito
37%
731 Bogota Quito
36%
Kabul
36%
307 Dushanbe Tashkent
35%
Lima
35%
437 Djibouti Sana'a
34%
342 Georgetown Paramaribo
34%
414 Dhaka Thimphu
33%
383 Islamabad Kabul
33%
304 Libreville Sao Tomé
33%
Sana'a
33%
136 Conakry Freetown
32%
263 Gaborone Pretoria
32%
996 La Paz Lima
32%
Nassau
32%
Paramaribo
32%
Saint John's
32%
94 Basseterre Saint John's
27%
98 Castries Kingstown
27%
Ouagadougou
27%
Yaoundé
27%
175 Bujumbura Kigali
26%
396 Harare Lusaka
26%
307 Malabo Yaoundé
26%
Thimphu
26%
Tripoli
26%
356 Valletta Tripoli
26%
Lusaka
25%
412 Niamey Ouagadougou
25%
Sao Tomé
25%
2326 Canberra Wellington
23%
Wellington
23%
Taipei
20%
1161 Manila Taipei
19%
918 Antananarivo Moroni
15%
770 Malé Sri Jayawardenepura Kotte
15%
Suva
15%
Moroni
13%
744 Nuku'alofa Suva
13%
Sri Jayawardenepura Kotte
12%
South Tarawa
10%
673 Majuro South Tarawa
9%
No matching quizzes found
Score Distribution
Percent of People with Each Score
Percentile by Number Answered
Your Score History
You have not taken this quiz